000 00976nam a2200265 i 4500
001 bg
003 BPK
005 20190725095259.0
008 991102s1998 pl f |001 0 pol
020 _a8301125403
040 _cBPK
080 _a591.3
245 0 0 _aUltrastruktura i funkcja komórki.
_nT. 7,
_pMechanizmy regulujące spermatogenezę /
_cpod red. Andrzeja Łukaszyka [et al. ; aut. Andrzej Bartke et al.].
246 3 0 _aMechanizmy regulujące spermatogenezę
260 _aWarszawa :
_bWydaw Naukowe PWN,
_c1998.
300 _a340 s. :
_bil. ;
_c24 cm.
504 _aBibliogr. przy rozdz. - Indeksy.
650 4 _aSpermatogeneza
_xzoologia.
650 4 _aKomórka (biologia)
700 1 _aŁukaszyk, Andrzej.
_eRed.
700 1 _aBartke, Andrzej.
710 2 _aWydawnictwo Naukowe PWN
_4pbl.
856 _uhttp://koha.tu.koszalin.pl/cgi-bin/koha/opac-detail.pl?biblionumber=37018
_yKatalog online BPK
942 _cKS
_2UKD
999 _c37018
_d37018